Statistics for Last Twenty U.S Cities Alphabetically

Click here to take the quiz!

General Stats

  • This quiz has been taken 47 times
  • The average score is 14 of 20

Answer Stats

HintAnswer% Correct
DCWashington
95%
CASan Diego
86%
WASeattle
83%
CASan Francisco
81%
UTSalt Lake City
79%
FLTampa
79%
CASacramento
76%
TXSan Antonio
76%
AZTucson
76%
VARichmond
74%
OKTulsa
74%
CASan Jose
69%
NCRaleigh
67%
VAVirginia Beach
67%
NYRochester
62%
OHToledo
62%
MOSaint Louis
60%
MASpringfield
48%
CARiverside
43%
FLSarasota
29%

Score Distribution

Percentile by Number Answered

Percent of People with Each Score

Your Score History

You have not taken this quiz